| 000 | 00647nam a2200229Ia 4500 | ||
|---|---|---|---|
| 003 | OSt | ||
| 005 | 20230518110849.0 | ||
| 008 | 210423s2009 xx 000 0 und d | ||
| 020 | _a978-81-7758-316-8 | ||
| 040 | _cAL | ||
| 041 | _aeng | ||
| 082 |
_a658.872 _223 _bKALE |
||
| 100 |
_aKALAKATA (Ravi);WHINSTON (Andrew B ) _9107916 |
||
| 245 | _aElectronic commerce: a managers guide | ||
| 260 |
_bPearson _c2009 |
||
| 300 |
_axix,431p _bPB |
||
| 365 |
_b675 _cINR |
||
| 650 |
_aManagement _9107917 |
||
| 650 |
_aMarketing Management _9107918 |
||
| 906 | _a:managers ; commerce ; commerce: ; Electronic ; guide ; managers | ||
| 942 |
_2ddc _cBK |
||
| 999 |
_c166706 _d166706 |
||